Famous TV Animals Quiz Stats

Quiz Updated Jul 13, 2015

Challenge
Share
Tweet
Embed
Score 0/24 Timer 06:00
1 Play Today
% Correct
Tweety Bird
95.5%
Curious George
93.8%
Scooby-Doo
93.7%
Scrappy-Doo
87.3%
Gromit
86%
Mister Ed
85%
Dino
76.9%
Silver
74.5%
Astro
74.4%
Brian
73.3%
Santa's Little Helper
72.4%
Eddie
72%
% Correct
Salem
71.9%
Marcel
70.9%
Grey Wind
62.9%
Boots
61.8%
Buck
56.4%
Elizabeth Taylor
53%
Wishbone
52.2%
Grape Ape
50.8%
Gleek
50%
Stella
45.5%
Arnold
44.9%
Vincent
39.3%

You're not logged in!

Compare scores with friends on all Sporcle quizzes.
Sign Up with Email
OR
Log In

You Might Also Like...

Show Comments

Extras

Top Quizzes Today


Score Distribution

Your Account Isn't Verified!

In order to create a playlist on Sporcle, you need to verify the email address you used during registration. Go to your Sporcle Settings to finish the process.